British Royal Family Titles. - Statistics

General Stats
  • This quiz has been taken 662 times
    636 since last reset
  • The average score is 18 of 34
Answer Stats
Hint Answer % Correct
Charles Mountbatten-Windsor His Royal Highness, The Prince Charles, Prince of Wales, Earl of Chester, Duke of Cornwall, Duke of Rothesay, Earl of Carrick, Baron of Renfrew, Lord of the Isles and Prince and Great Steward of Scotland, KG, KT, GCB, OM, AK, QSO, PC, AdC.
91%
William Wales His Royal Highness, Prince William of Wales, Duke of Cambridge, Earl of Strathearn, Baron Carrickfergus and Flight Lieutenant William Wales, KG, KT, AdC(P).
87%
Catherine (Kate) Middleton Her Royal Highness, Catherine, The Princess William, Duchess of Cambrige, Countess of Strathearn and Lady Carrickfergus,
82%
Diana Spencer Lady Diana, Princess of Wales.
82%
Elizabeth Windsor Her Majesty, Elizabeth the Second, by the grace of God of the United Kingdom of Great Britain and Northern Ireland and of Her other Realms and Territories, Queen, Head of the Commonwealth, Defender of the Faith, Duchess of Edinburgh, Countess of Merioneth, Lady Greenwich, Lord of Man, Duke of Normandy and Duke of Lancaster, KG, CI, GCStJ, PC.
80%
Albert Windsor His Imperial Majesty, George the Sixth, by the Grace of God, of Great Britain and Ireland and of the British Dominions beyond the Seas, King, Defender of the Faith, Emperor of India, Duke of York, Earl of Inverness and Baron Killyleagh, KG, GCVO, KT, PC, GCStJ, GCMG, KP.
80%
Andrew Mountbatten-Windsor His Royal Highness, The Prince Andrew, Duke of York, Earl of Inverness and Baron Killyleagh, KG, GCVO, CD, AdC(P).
78%
Philip Mountbatten His Royal Highness, The Prince Philip, Duke of Edinburgh, Earl of Merioneth and Baron Greenwich, KG, KT, OM, GBE, AC, QSO, PC.
77%
Camilla Shand Her Royal Highness, Camilla, The Princess Charles, Duchess of Cornwall, Duchess of Rothesay, Countess of Chester, Countess of Carrick, Lady of Renfrew, Lady of the Isles and Princess of Wales, GCVO, CSM.
75%
Elizabeth Bowes-Lyon Her Imperial Majesty, Queen Elizabeth, the Queen Mother of the United Kingdom of Great Britain and Ireland and of the British Dominions beyond the Seas, Queen-Empress of India, Duchess of York, Countess of Inverness and Baroness Killyleagh, DGStJ, GBE, CI, KG, GCVO, KT, ONZ, CC.
72%
George Cambridge His Royal Highness, Prince George of Cambridge.
66%
Edward Windsor His Royal Highness, The Prince Edward, Duke of Windsor, KG, ISO, MC, GCMG, GBE, KStJ, GCVO, PC, GCSI, GCIE, RVC, KT, KP, GCB, FRS.
66%
Edward Mountbatten-Windsor His Royal Highness, The Prince Edward, Earl of Wessex and Viscount Severn, KG, GVCO, AdC(P).
66%
Charlotte Cambridge Her Royal Highness, Princess Charlotte of Cambridge
65%
Henry (Harry) Wales His Royal Highness, Prince Henry (Harry) of Wales and Lieutenant Harry Wales, KCVO.
64%
Anne Mountbatten-Windsor Her Royal Highness, The Princess Anne, Princess Royal, KG, KT, GCVO, GCStJ, QSO, GCL.
63%
Louise Mountbatten-Windsor Lady Louise Mountbatten-Windsor.
60%
George Windsor His Imperial Majesty, George the Fifth, by the Grace of God, of the United Kingdom of Great Britain and Ireland and of the British Dominions beyond the Seas, King, Defender of the Faith, Emperor of India, KG, KT, KP, GCSI, GCMG, GCIE, GCVO, ISO, PC.
59%
Beatrice York Her Royal Highness, Princess Beatrice of York.
58%
Eugenie York Her Royal Highness, Princess Eugenie of York.
58%
Margaret Windsor Her Royal Highness, The Princess Margaret, Countess of Snowdon, CI, GCVO, GCStJ.
56%
Sophie Rhys-Jones Her Royal Highness, Sophie, The Princess Edward, Countess of Wessex and Viscountess Severn, GVCO.
54%
Mary Teck Her Imperial Majesty, Queen Mary of the United Kingdom of Great Britain and Ireland and of the British Dominions beyond the Seas, Queen-Empress Dowager of India, CI, VA, LG, GCSI, GBE, GCStJ, GCVO.
53%
James Mountbatten-Windsor Lord James, Viscount Severn.
47%
Antony (Tony) Armstrong-Jones The Rt Hon. Antony, Baron Armstrong-Jones, Earl of Snowdon, GCVO.
32%
Bessie Wallis Warfield Her Grace, Wallis, Duchess of Windsor.
31%
Mark Phillips Captain Mark Phillips, CVO, AdC(P).
23%
Sarah Ferguson Sarah, Duchess of York.
23%
Sarah Armstrong-Jones The Lady Sarah Chatto.
23%
Timothy Laurence Vice Admiral, Sir Timothy Laurence, KCVO, CB, AdC(P).
23%
David Armstrong-Jones Lord David, Viscount Linley.
18%
Serena Stanhope The Hon. Serena Armstrong-Jones, Viscountess Linley,
9%
Charles Armstrong-Jones The Hon. Charles Armstrong-Jones.
3%
Margarita Armstrong-Jones The Hon. Margarita Armstrong-Jones.
3%
No matching quizzes found
Score Distribution
Percent of People with Each Score
Percentile by Number Answered
Your Score History
You have not taken this quiz since the last reset